|
|
|
|
| LEADER |
00000nam a2200000Ia 4500 |
| 008 |
180521b1996 cr ||||| |||| 00| | spa d |
| 999 |
|
|
|c 1047
|d 1047
|
| 020 |
|
|
|a 9977-67-406-x
|
| 090 |
|
|
|a 06.03.07
|b 11
|
| 100 |
1 |
|
|a Pacheco Bolaños, Luis Fernando
|9 3525
|
| 245 |
1 |
0 |
|a Ciencias 6 : texto /
|c Luis Fernando Pacheco Bolaños, Carlos Valerio Gutiérrez, José Alberto Villalobos Morales
|
| 260 |
|
|
|a San José, C.R. :
|b Editorial de la Universidad de Costa Rica,
|c 1996
|
| 300 |
|
|
|a 160 páginas
|
| 490 |
|
|
|a Hacia el siglo XXI
|
| 500 |
|
|
|a Contine: Guía didáctica 6
|
| 650 |
1 |
4 |
|a ENSEÑANZA DE LAS CIENCIAS
|9 996
|
| 650 |
1 |
4 |
|a EDUCACIÓN PRIMARIA
|9 367
|
| 700 |
1 |
|
|a Valerio Gutiérrez, Carlos
|9 3526
|
| 700 |
1 |
|
|a Villalobos Morales, José Alberto
|9 2625
|
| 942 |
|
|
|i 00614 ,00684
|h 06.03.07 11
|2 z
|c 01
|